000 01287nas a2200469 4500
001 BR0404255
003 BR-BrBNA
005 20231205104802.0
007 ta
008 230509b bl.|||p| |||| 00| 00por d
040 _aBR-BrBNA
_bpor
_cBiblioteca Nacional de Agricultura
041 _a(Pt)
072 _aL73
100 1 _aMazzanti, C.M.
100 1 _aSchossler, D.R.
100 1 _aFilappi, A.
100 1 _aPrestes, D.
100 1 _aSilva, A.C.
100 1 _aCorrea, M.
100 1 _aSchetinger, M.R.C.
100 1 _aMorsch, V.M.
100 1 _aLunkes, G.
100 1 _aGonzaga, W. de A.
100 1 _aCecim, M.
245 1 _aEfeito do extrato da casca de Syzygium cumini sobre a atividade da acetilcolinesterase em ratos normais e diabéticos
650 _aRATO
650 _aJAMBOLÃO
650 _aCASCA
650 _aEXTRAÇÃO
650 _aACETILCOLINA
650 _aDIABETE
650 _aTRATAMENTO
650 _aCÉREBRO
650 _aCEREBELO
650 _aCÓRTEX
650 _aSISTEMA NERVOSO
650 _aPERFORMANCE
650 _aANÁLISE COMPARATIVA
773 0 _tCiência Rural (Brazil)
_xISSN 0103-8478
_g(May-Jun 2004), v. 34(3) p. 803-807
_wBR0404255
909 _a202311
_bLúcia
_c55
_dLúcia Elande
942 _2AGRIS
_n0
_cANA
999 _c179679
_d179679